| 000 | 00751cam a2200217 a 4500 | ||
|---|---|---|---|
| 001 | 000012442 | ||
| 005 | 20200929163026.0 | ||
| 008 | 001227s2000 pe a b 001 0 spa | ||
| 020 | _a9972618560 | ||
| 035 | _a(PeLiEIC)it2001000064 | ||
| 040 |
_aDO-SdBNP _cDLC _dBNPHU |
||
| 082 |
_a370.71 _bD636r |
||
| 245 | 0 | 3 |
_aLa Docencia revalorada : _bperspectivas y propuestas para el desarrollo magisterial. |
| 260 |
_aLima, (Perú) : _bTAREA Asociación de Publicaciones Educativas, _c2000. |
||
| 300 |
_a356 p. : _bil. ; _c24 cm. |
||
| 504 | _aIncluye referencias bibliográficas. | ||
| 650 | 4 |
_aFormacion profesional de maestros _zPeru. _929151 |
|
| 650 | 4 |
_aCapacitacion docente _zPeru _929152 |
|
| 910 | _aCatalogación por copia / LC | ||
| 049 | _aBNGR | ||
| 999 |
_c12099 _d12099 |
||